Antología poética

Guardat en:
Dades bibliogràfiques
Autor principal: Darío, Rubén (Autor)
Format: Llibre
Idioma:espanyol
Publicat: Santiago Zig-Zag 1956
Col·lecció:Biblioteca Cultural
Matèries:
Etiquetes: Afegir etiqueta
Sense etiquetes, Sigues el primer a etiquetar aquest registre!

MARC

LEADER 00000nam a2200000 a 4500
001 UCT6679
003 CL-VaPUC
008 970113e19560000CL |||||||||||||||||spa|d
082 0 4 |a Ni861  |b DAR  |2 21 
100 0 |a Darío, Rubén  |e author  |9 268402 
245 1 0 |a Antología poética 
300 |a 211 p 
942 |c BK 
945 |d 19970113 00:00:00  |a rleighto 
260 |a Santiago  |b Zig-Zag  |c 1956 
650 7 |a POESIAS NICARAGUENSES  |2 CL-VaPUC  |9 266965 
583 |a last modification  |c 19970113 00:00:00  |k Rodrigo Vera 
490 0 |a Biblioteca Cultural 
999 |c 255358  |d 255356 
952 |0 0  |1 0  |4 0  |6 NI_861_000000000000000_DAR_1956  |7 0  |8 A  |9 277572  |a BIBEDU  |b BIBEDU  |d 2019-11-19  |i 3268241  |o Ni861 DAR 1956  |p 3268241  |r 2019-11-19  |w 2019-11-19  |y BK  |k LIT